Ochrana osobných údajov pri obecných podujatiach
Príspevok sa zaoberá problematikou ochrany osobných údajov pri obecných podujatiach. Poukazuje najmä na právne základy vyhotovovania a zverejňovania fotografií a videozáznamov, povinnosti obce týkajúce sa informovania dotknutých osôb o spracúvaní osobných údajov, požiadavky na primeranosť doby uchov...
Salvato in:
| Autore principale: | |
|---|---|
| Natura: | Capitolo di libro |
| Lingua: | slovacco |
| Soggetti: | |
| Tags: |
Nessun Tag, puoi essere il primo ad aggiungerne!!
|
MARC
| LEADER | 00000naa a2200000 4500 | ||
|---|---|---|---|
| 001 | 0306986 | ||
| 005 | 20250212125504.0 | ||
| 041 | 0 | |a slo | |
| 044 | |a SK | ||
| 245 | 1 | 0 | |a Ochrana osobných údajov pri obecných podujatiach |c Anton Ukropec |
| 520 | |a Príspevok sa zaoberá problematikou ochrany osobných údajov pri obecných podujatiach. Poukazuje najmä na právne základy vyhotovovania a zverejňovania fotografií a videozáznamov, povinnosti obce týkajúce sa informovania dotknutých osôb o spracúvaní osobných údajov, požiadavky na primeranosť doby uchovávania osobných údajov, bezpečnosť spracúvania osobných údajov, ako aj právo dotknutej osoby na prístup k fotografiám a videozáznamom z podujatia. | ||
| 610 | 2 | 0 | |a GDPR |
| 610 | 2 | 0 | |a ochrana údajov osobných |
| 610 | 2 | 0 | |a udalosti sociálne |
| 610 | 2 | 0 | |a obce |
| 610 | 2 | 0 | |a spracovanie dát |
| 610 | 2 | 0 | |a fotografia |
| 610 | 2 | 0 | |a médiá |
| 100 | 1 | |a Ukropec, Anton | |